=LDR 00000nam 2200000 4500 =001 INLIS000000000048646 =005 20161206101928.0 =006 =007 =008 =020 ##$$a 979-5119447-6 =035 ##$$0010-121600000000032 =082 ##$$a 530.07 =090 ##$$a 530.07 fis f =100 ##$$a Drs. Soeharto =245 ##$$a Fisika dasar II Buku panduan mahasiswa Bag II : Gelombang-Optika =260 ##$$a Jakarta $b Gramedia $c 1992 =300 ##$$a 173 hlm $b ilus $c 21 cm =850 ##$$a NBPNMAT =990 ##$$a 0001/BPAP-NTB/2016